[Event "Challenge"]
[Site "http://www.queenalice.com/game.php?id=183786"]
[Date "2007.3.17"]
[Round "-"]
[White "MJ"]
[Black "valmir"]
[Result "1/2-1/2"]
[WhiteElo "1199"]
[BlackElo "1056"]

1. c4 e6 2. b3 Nf6 3. f4 Ng4 4. h3 Nf6 5. g3 Nh5 6. Bg2 Nxg3 7. Rh2 Qf6 8. d4
Qf5 9. Qd3 Bb4+ 10. Bd2 a5 11. Qxg3 Rg8 12. Qh4 Qc2 13. Qe7+ Kxe7 14. a3 Bxd2+
15. Nxd2 Qb2 16. Rd1 g5 17. Be4 Nc6 18. Bxh7 Kf8 19. Rf2 Nxd4 20. Rf1 Qc3 21.
Nf3 Rg7 22. Be4 Nxb3 23. h4 Ra6 24. hxg5 Rd6 25. Kf2 Rg8 26. f5 b6 27. a4 Nd4
28. fxe6 Rxe6 29. Nxd4 Qxd4+ 30. e3 Qe5 31. Nf3 Qb2+ 32. Rd2 Qb4 33. Bh7 Rg7 34.
Bf5 Rc6 35. Rh1 Qxa4 36. Rh8+ Rg8 37. Rh4 Qb4 38. Re4 a4 39. Ne5 Rc5 40. Nxd7+
Kg7 41. Rf4 Qxd2+ 42. Kf3 a3 43. Nxc5 bxc5 44. Bxc8 Rxc8 45. Rh4 a2 46. Rh1 Qc3
47. Kf4 Ra8 48. e4 Qxc4 49. Kf5 c6 50. e5 Qd5 51. Rc1 c4 52. Kf4 Rb8 53. Ra1 c3
54. Rxa2 Qxa2 55. Kf5 c2 56. e6 Rf8 57. Ke5 c1=Q 58. e7 Qxg5+ 59. Kd6 Qad5+ 60.
Kc7 Qxe7+ 61. Kb6 c5 62. Kb5 c4+ 63. Ka4 c3 1/2-1/2

[Event "thiagobertolo"]
[Site "http://www.queenalice.com/game.php?id=184262"]
[Date "2007.3.18"]
[Round "1"]
[White "MJ"]
[Black "Sidinei"]
[Result "0-1"]
[WhiteElo "1145"]
[BlackElo "2099"]

1. Nc3 Nf6 2. Nf3 Nc6 3. b3 e5 4. d3 d5 5. Nb5 d4 6. Ng5 a6 7. Na3 Bb4+ 8. Bd2
Bxa3 9. e4 dxe3 10. Bxe3 O-O 11. g3 Ng4 12. Bd2 Qd4 13. Qf3 Qxa1+ 14. Ke2 Nd4#
0-1

[Event "thiagobertolo"]
[Site "http://www.queenalice.com/game.php?id=203061"]
[Date "2007.4.27"]
[Round "3"]
[White "MJ"]
[Black "valmir"]
[Result "1-0"]
[WhiteElo "1185"]
[BlackElo "1231"]

1. c4 e5 2. Qa4 Qh4 3. Nf3 Qf4 4. e3 Qf6 5. Nc3 a6 6. Ne4 Qd8 7. b3 f5 8. Nc3 a5
9. Bd3 Bb4 10. Qb5 Nf6 11. Qxe5+ Kf7 12. a3 Bd6 13. Qxf5 b6 14. Ng5+ Kf8 15.
Nxh7+ Rxh7 16. Nd5 Rh5 17. Qf3 Be5 18. Rb1 Na6 19. Nxf6 Qxf6 20. Qxh5 Qd6 21.
Bh7 Bb7 22. Qf5+ Bf6 23. O-O Re8 24. Re1 Re4 25. Qh5 Rh4 26. Qg6 Qxh2+ 27. Kf1
Qxg2+ 28. Ke2 Qf3+ 29. Kd3 Nb4+ 30. axb4 axb4 31. Bb2 Qxf2 32. Qg1 Qf3 33. Rf1
Qc6 34. Bxf6 Qd6+ 35. Bd4+ Ke8 36. Bg6+ Ke7 37. Qg5+ Ke6 38. Rf6+ Ke7 39. Rxd6+
Kxd6 40. Qxh4 c6 41. Bxb6 c5 42. Qg3+ Ke6 43. Be4 Ba6 44. Ra1 Bc8 45. Ra8 d5 46.
Rxc8 dxc4+ 47. Kc2 c3 48. Re8+ Kd7 49. Ra8 c4 50. Qg4+ Ke7 51. Ra7+ Kf6 52. Bd8+
Ke5 53. Re7+ Kd6 54. Qe6+ Kc5 55. Qd5# 1-0

[Event "Challenge"]
[Site "http://www.queenalice.com/game.php?id=208422"]
[Date "2007.5.9"]
[Round "-"]
[White "MJ"]
[Black "FENIX_40"]
[Result "0-1"]
[WhiteElo "1193"]
[BlackElo "1393"]

1. b4 e5 2. Ba3 d5 3. c3 b5 4. Nf3 Nc6 5. e3 Qf6 6. Bxb5 Bd7 7. O-O Bd6 8. d3
Qh6 9. d4 exd4 10. cxd4 O-O-O 11. Nc3 Bg4 12. Bxc6 Bxf3 13. Qxf3 Qxh2# 0-1

[Event "Challenge"]
[Site "http://www.queenalice.com/game.php?id=234041"]
[Date "2007.7.3"]
[Round "-"]
[White "rafaelbdb"]
[Black "MJ"]
[Result "1-0"]
[WhiteElo "1436"]
[BlackElo "1199"]

1. e4 Nc6 2. c4 Nf6 3. Nc3 b6 4. Nf3 Ba6 5. d4 d6 6. d5 Ne5 7. Nxe5 dxe5 8. f3
g6 9. Bd3 Qd7 10. Bg5 h6 11. Bxf6 exf6 12. Bc2 Bxc4 13. Bd3 Bxd3 14. Qxd3 a6 15.
O-O-O h5 16. Kb1 g5 17. h3 h4 18. Rc1 b5 19. Rhd1 O-O-O 20. Qe3 b4 21. Qa7 c6
22. Qxa6+ Qb7 23. Qxc6+ Qxc6 24. dxc6 Bc5 25. Nd5 Rh6 26. c7 Rd7 27. Rxc5 f5 28.
Nb6+ Rxb6 29. Rxd7 Kxd7 30. c8=Q+ Ke7 31. Qc7+ Kf6 32. Rc6+ Rxc6 33. Qxc6+ Kg7
34. exf5 f6 35. Qe8 g4 36. Qg6+ Kf8 37. Qxf6+ Kg8 38. Qe7 e4 39. f6 e3 40. Qg7#
1-0

[Event "Challenge"]
[Site "http://www.queenalice.com/game.php?id=240941"]
[Date "2007.7.16"]
[Round "-"]
[White "valmir"]
[Black "MJ"]
[Result "1-0"]
[WhiteElo "1251"]
[BlackElo "1201"]

1. e4 c6 2. h4 g6 3. d4 Nf6 4. Qf3 d6 5. Nh3 Bg4 6. Qb3 Qa5+ 7. Bd2 Qb6 8. a4
Nxe4 9. Be3 Bg7 10. Bd3 Bf5 11. Qa2 O-O 12. h5 gxh5 13. Rf1 Bxd4 14. Bh6 Bg7 15.
Be3 Qa5+ 16. c3 Be6 17. b3 Nxc3 18. Qd2 Bxb3 19. Ra3 Bxa4 20. Nxc3 Bxc3 21. Rxc3
Kh8 22. Ng5 f6 23. Ne6 Rg8 24. Ke2 Nd7 25. g3 Qb4 26. Rh1 Bb3 27. Qb2 Nc5 28.
Nxc5 dxc5 29. Rxh5 c4 30. Rxh7# 1-0

[Event "Challenge"]
[Site "http://www.queenalice.com/game.php?id=240944"]
[Date "2007.7.16"]
[Round "-"]
[White "MCA"]
[Black "MJ"]
[Result "1-0"]
[WhiteElo "1693"]
[BlackElo "1208"]

1. e4 d6 2. Nc3 Nf6 3. h3 g6 4. Nf3 Nc6 5. Bb5 a6 6. Bxc6+ bxc6 7. O-O Bh6 8. d3
a5 9. Bxh6 Ba6 10. Ng5 Qd7 11. Bg7 Rg8 12. Bxf6 exf6 13. Nxh7 f5 14. Nf6+ Kd8
15. Nxd7 Kxd7 16. Qf3 Rae8 17. Rfe1 fxe4 18. Rxe4 f5 19. Rh4 Re7 20. Ne2 Bb5 21.
c4 Ba4 22. b3 g5 23. Qxf5+ Kd8 24. Re4 Rgg7 25. Qf8+ Kd7 26. bxa4 Rgf7 27. Rxe7+
Rxe7 28. Qf5+ Ke8 29. Nd4 Re5 30. Qc8+ Ke7 31. Nxc6+ Kf6 32. Qxc7 Rc5 33. Qxd6+
Kg7 34. Qxc5 Kh6 35. Qf8+ Kg6 36. Ne5+ Kh5 37. Qh8# 1-0

[Event "Challenge"]
[Site "http://www.queenalice.com/game.php?id=255702"]
[Date "2007.8.14"]
[Round "-"]
[White "MJ"]
[Black "valmir"]
[Result "1-0"]
[WhiteElo "1187"]
[BlackElo "1367"]

1. h3 h5 2. a3 e5 3. b3 Bc5 4. g3 Nf6 5. Bg2 Bb6 6. d3 Qe7 7. Nc3 Qc5 8. e3
Qxc3+ 9. Bd2 Qc5 10. Bb4 Qb5 11. Ne2 d6 12. Nc3 Qd7 13. O-O Ng4 14. hxg4 hxg4
15. f3 Qe6 16. Nb5 Kd7 17. fxg4 Qh6 18. Bd2 Kd8 19. Kf2 Na6 20. Ke2 Re8 21. Rxf7
Be6 22. Rf1 c6 23. Nxd6 Kd7 24. Nxe8 Kxe8 25. Rh1 Qg5 26. Rh8+ Ke7 27. Rxa8
Bxg4+ 28. Bf3 Bh3 29. Qh1 Qxg3 30. Be1 Qg5 31. Bf2 Bd7 32. Rg1 Qf5 33. Rxg7+ Kd6
34. Qh6+ Be6 35. Rd8+ Bxd8 36. Rxb7 Nc5 37. Rb8 Bc7 38. Rf8 Qxd3+ 39. cxd3 Nxb3
40. Be1 Nc1+ 41. Kd2 Na2 42. Re8 Ba5+ 43. Ke2 Nc1+ 44. Kd1 Nb3 45. Rxe6+ Kc5 46.
Rxe5+ Kb6 47. Bxa5+ Nxa5 48. Qf4 c5 49. Re6+ Kb5 50. Qb8+ Ka4 51. Re4+ Kxa3 52.
Qb1 Nb3 53. Re6 Na5 54. Qa1+ Kb4 55. Re8 Nb3 56. Qb2 a5 57. Rb8+ Ka4 58. Bc6#
1-0

[Event "Challenge"]
[Site "http://www.queenalice.com/game.php?id=266278"]
[Date "2007.9.3"]
[Round "-"]
[White "MJ"]
[Black "nandoveneno"]
[Result "0-1"]
[WhiteElo "1210"]
[BlackElo "1698"]

1. g3 d5 2. b3 Nc6 3. Bb2 h6 4. Bg2 Nf6 5. Nf3 e6 6. Nc3 Be7 7. O-O O-O 8. e3 e5
9. d3 d4 10. exd4 exd4 11. Ne4 Nh5 12. c3 f5 13. Ned2 Bf6 14. Ba3 Re8 15. Re1
dxc3 16. Nc4 b5 17. Ne3 b4 18. Bc1 Ba6 19. Bf1 c2 20. Nxc2 Bxa1 21. Nxa1 Nd4 22.
Ne5 Nf6 23. Bb2 Bb7 0-1

[Event "Challenge"]
[Site "http://www.queenalice.com/game.php?id=289480"]
[Date "2007.10.19"]
[Round "-"]
[White "MJ"]
[Black "FENIX_RJ"]
[Result "1-0"]
[WhiteElo "1199"]
[BlackElo "1462"]

1. c3 e5 2. Nf3 Nc6 3. d3 d5 4. e3 Bg4 5. Be2 d4 6. exd4 Bd6 7. d5 Nce7 8. c4
Nf5 9. h3 e4 10. dxe4 Ngh6 11. hxg4 Nxg4 12. Nc3 Bc5 13. Qa4+ c6 14. Bg5 f6 15.
Bf4 Qe7 16. exf5 Nxf2 17. O-O Nd3+ 18. Kh2 Nxf4 19. Bd1 Qd7 20. Bc2 Bd6 21.
Rae1+ Kf7 22. Re4 Qxf5 23. Qb3 Nh5+ 24. Kg1 Rhe8 25. Nd4 Qg5 26. Qxb7+ Be7 27.
d6 Rab8 28. Qxc6 Ng3 29. Qd5+ Qxd5 30. cxd5 Rxb2 31. Rf2 Nxe4 32. Nxe4 Bd8 33.
Nc6 Bb6 34. d7 Rxc2 35. dxe8=Q+ Kxe8 36. Kf1 Rc1+ 37. Ke2 Rc2+ 38. Nd2 Kd7 39.
Rf4 Rxa2 40. Re4 Kd6 41. Ne7 Ba5 42. Rd4 Kxe7 43. d6+ Ke6 44. d7 Ke7 45. Ke3 Bb6
46. Kd3 Bxd4 47. d8=Q+ Kxd8 48. g4 Bb2 49. Nc4 Ba1 50. Ne3 g6 51. Nc2 Be5 52.
Nb4 Ra3+ 53. Kc4 Ra4 54. Kb5 Rxb4+ 55. Kxb4 h5 56. gxh5 gxh5 57. Kc4 Kc7 58. Kd3
Kc6 59. Ke4 Kd6 60. Kf5 h4 61. Kg4 Bg3 62. Kf3 Ke5 63. Kg4 f5+ 64. Kf3 a5 65.
Ke3 h3 66. Kf3 f4 67. Kg4 h2 68. Kf3 h1=Q+ 69. Ke2 Qe1+ 70. Kf3 Qf2+ 71. Kg4 Qg2
72. Kg5 Bf2+ 73. Kh5 Qf3+ 74. Kg6 Qg4+ 75. Kf7 Qe6+ 76. Kg7 1-0

[Event "Challenge"]
[Site "http://www.queenalice.com/game.php?id=293080"]
[Date "2007.10.26"]
[Round "-"]
[White "MJ"]
[Black "valmir"]
[Result "1-0"]
[WhiteElo "1185"]
[BlackElo "1433"]

1. g3 e5 2. e4 Qf6 3. Bb5 Bc5 4. Nf3 Qe6 5. O-O c6 6. Ba4 f6 7. Nc3 a6 8. d3 h5
9. Nh4 Ne7 10. b4 Bxb4 11. Ne2 g5 12. Nf5 Nxf5 13. exf5 Qxf5 14. Rb1 Qg4 15. f3
Bc5+ 16. d4 Bxd4+ 17. Kg2 Qe6 18. Nxd4 Qxa2 19. Rb4 g4 20. Nf5 a5 21. Nd6+ Kd8
22. Bb3 Qa1 23. Nf7+ Ke7 24. Nxh8 axb4 25. Ng6+ Kd8 26. Qd6 Qc3 27. Qf8+ Kc7 28.
Ne7 Na6 29. Qxf6 Nc5 30. Qf5 b6 31. Bf7 Ba6 32. Rd1 gxf3+ 33. Kf2 Rf8 34. Rxd7+
Nxd7 35. Qg6 Bb7 36. Be6 Nf6 37. h3 Qd4+ 38. Be3 Qd6 39. Qf5 Qxe7 40. Qxe5+ Kd8
41. Qb8+ Bc8 42. Bxb6+ Qc7 43. Bxc7+ Ke7 44. Bxc8 Ne4+ 45. Ke3 Ng5 46. Bd6+ Kf7
47. Bxf8 Kxf8 48. Qf4+ Nf7 49. Kxf3 Ke7 50. Qe4+ Kf6 51. Qf4+ Kg6 52. Bf5+ Kf6
53. Bd7+ Ke7 54. Bc8 c5 55. Qe3+ Kd8 56. Be6 Nd6 57. Qg5+ Kc7 58. Qxh5 Kc6 59.
Bd5+ Kb5 60. g4 Nc4 61. g5 Na3 62. Bb3 Kc6 63. g6 Nb5 64. g7 Nd4+ 65. Ke4 Nxb3
66. g8=Q Na1 67. Qc8+ Kb6 68. Qhxc5# 1-0

[Event "Challenge"]
[Site "http://www.queenalice.com/game.php?id=302657"]
[Date "2007.11.12"]
[Round "-"]
[White "dida"]
[Black "MJ"]
[Result "1-0"]
[WhiteElo "1465"]
[BlackElo "1190"]

1. e4 c5 2. a4 d6 3. Nc3 Nc6 4. Nf3 Nd4 5. Nxd4 cxd4 6. Nd5 Nf6 7. Bb5+ Bd7 8.
f3 a6 9. Bc4 Rc8 10. b3 e6 11. Nxf6+ gxf6 12. Qe2 Qa5 13. Ba3 Rg8 14. O-O Qh5
15. d3 Rg5 16. e5 Rxe5 17. Qf2 Bh6 18. Bxd6 Rg5 19. Bg3 Rf5 20. f4 e5 21. Rae1
b6 22. Bxa6 Rc7 23. c4 Kf8 24. Re4 Ra7 25. Bb5 1-0

[Event "Challenge"]
[Site "http://www.queenalice.com/game.php?id=313478"]
[Date "2007.12.1"]
[Round "-"]
[White "dida"]
[Black "MJ"]
[Result "1-0"]
[WhiteElo "1593"]
[BlackElo "1192"]

1. e4 Nf6 2. g3 Nc6 3. Nf3 d6 4. Nc3 g6 5. Bc4 h5 6. Ng5 e6 7. Qf3 Nb4 8. Bd3 c5
9. Nb5 c4 10. e5 dxe5 11. Nxf7 Kxf7 12. Be4 g5 13. c3 Nc2+ 14. Bxc2 1-0

[Event "Challenge"]
[Site "http://www.queenalice.com/game.php?id=340950"]
[Date "2008.1.22"]
[Round "-"]
[White "MJ"]
[Black "valmir"]
[Result "0-1"]
[WhiteElo "1209"]
[BlackElo "1351"]

1. Nf3 h5 2. Nc3 e5 3. Nxe5 Qe7 4. Nf3 Rh6 5. d3 Nf6 6. b3 Ng4 7. Nd5 Qd6 8. c4
Kd8 9. h3 Ne5 10. d4 Nxf3+ 11. gxf3 c6 12. Bf4 Qa3 13. Nc3 Bd6 14. Bxd6 Qxd6 15.
Ne4 Qb4+ 16. Nd2 d5 17. Qc2 f6 18. Rg1 Qe7 19. f4 a5 20. h4 Be6 21. Qc3 g5 22.
hxg5 Rg6 23. cxd5 cxd5 24. Nf3 Rg8 25. Rc1 Nc6 26. e3 Qa3 27. Rc2 fxg5 28. Nxg5
Ke7 29. Bh3 Bf7 30. Nf3 Rh8 31. Ne5 Be8 32. Rg7+ Kd6 33. Qc5+ Qxc5 34. Kd1 Qb5
35. f5 Rf8 36. Rg6+ Kc7 37. Rc5 Qa6 38. Rg7+ Kd6 39. a3 h4 40. f3 Qb6 41. Kc2 a4
42. bxa4 Rxa4 43. Rc3 Na7 44. e4 Qxd4 45. Nd3 dxe4 46. fxe4 Nb5 47. e5+ Kd5 48.
Rc5+ Ke4 49. Bg2+ Ke3 50. Bf1 Nxa3+ 51. Kb3 Qa1 52. Nb2 Rf4 53. Rg1 Bf7+ 54. e6
b6 55. Rc3+ Kd2 56. Rg2+ Ke1 57. Rgc2 Nxc2 58. Nd3+ Kd2 59. Nxf4 Qxc3+ 60. Ka2
Ra8+ 61. Kb1 Ra1# 0-1

[Event "Challenge"]
[Site "http://www.queenalice.com/game.php?id=350349"]
[Date "2008.2.7"]
[Round "-"]
[White "Rafchess"]
[Black "MJ"]
[Result "1-0"]
[WhiteElo "1755"]
[BlackElo "1211"]

1. e4 Nf6 2. e5 Nd5 3. Nc3 Nf4 4. d4 e6 5. Bxf4 Qh4 6. Nb5 Bb4+ 7. Bd2 Qe4+ 8.
Qe2 Qc6 9. Bxb4 d6 10. exd6 a5 11. Nxc7+ Kd7 12. d5 Qxd5 13. Nxd5 axb4 14. Nb6+
Kxd6 15. Rd1+ Ke7 16. Qe5 Nc6 17. Nd5+ Kf8 18. Qd6+ Ke8 19. Nc7# 1-0

[Event "Challenge"]
[Site "http://www.queenalice.com/game.php?id=350350"]
[Date "2008.2.7"]
[Round "-"]
[White "Rafchess"]
[Black "MJ"]
[Result "1-0"]
[WhiteElo "1783"]
[BlackElo "1211"]

1. e4 Nc6 2. d4 b6 3. Nc3 Nf6 4. e5 Ng8 5. Nf3 g6 6. Bb5 Nb4 7. a3 Nc6 8. O-O
Nh6 9. d5 Na5 10. e6 fxe6 11. Nd4 c6 12. dxc6 dxc6 13. Nxc6 Nxc6 14. Qxd8+ Kxd8
15. Bxc6 Rb8 16. Nb5 Bd7 17. Rd1 a6 18. Rxd7+ Ke8 19. Nd6+ exd6 20. Ra7+ Kd8 21.
Bg5+ Kc8 22. Bd7# 1-0

[Event "Challenge"]
[Site "http://www.queenalice.com/game.php?id=350351"]
[Date "2008.2.7"]
[Round "-"]
[White "Rafchess"]
[Black "MJ"]
[Result "1-0"]
[WhiteElo "1783"]
[BlackElo "1211"]

1. e4 Nc6 2. d4 b6 3. Nc3 Nf6 4. e5 Ng8 5. Qf3 Nxd4 6. Qxa8 Nxc2+ 7. Kd1 Nxa1 8.
Qxa7 f6 9. Nb5 Kf7 10. Nxc7 fxe5 11. Nf3 d6 12. Bc4+ d5 13. Nxe5+ Kf6 14. Qxb6+
Kxe5 15. Re1+ Kf5 16. Bd3+ Kg4 17. Qd4+ Kh5 18. Re5+ g5 19. Rxg5+ Kh6 20. Rxg8+
Kh5 21. Qe5+ Kh4 22. Qg3+ Kh5 23. Qf3+ Kh4 24. Bg5# 1-0

[Event "Challenge"]
[Site "http://www.queenalice.com/game.php?id=350352"]
[Date "2008.2.7"]
[Round "-"]
[White "Rafchess"]
[Black "MJ"]
[Result "1-0"]
[WhiteElo "1818"]
[BlackElo "1199"]

1. e4 Nf6 2. e5 Nd5 3. Nc3 Nb4 4. Nf3 N8c6 5. d4 g6 6. a3 Na6 7. Bxa6 bxa6 8. d5
Na5 9. Qd3 c6 10. d6 exd6 11. Bg5 Be7 12. Bxe7 Qxe7 13. Qxd6 Nc4 14. Qxe7+ Kxe7
15. b3 Nb2 16. Rb1 d5 17. exd6+ Kxd6 18. O-O Bf5 19. Rxb2 Rhd8 20. Nd4 Bg4 21.
f3 Bh5 22. g4 c5 23. Nde2 Kc7 24. Ng3 Rd4 25. gxh5 f6 26. hxg6 hxg6 27. Nge4 f5
28. Nxc5 Rd6 29. b4 Rh8 30. Re1 Kc6 31. Re7 Rd2 32. Rxa7 Kd6 33. Rd7+ Kc6 34.
Rxd2 a5 35. bxa5 Kxc5 36. Rb6 Kc4 37. Rb4+ Kxc3 38. Rd6 Ra8 39. Rc6+ Kd2 40. a6
Re8 41. a7 Ke3 42. Rb8 Rxb8 43. axb8=R g5 44. Rd6 Kxf3 45. Rd3+ Kg4 46. Rg3+ Kf4
47. Re8 g4 48. a4 Kg5 49. h4+ Kxh4 50. Kh2 Kg5 51. Rd3 f4 52. Rf8 g3+ 53. Kg2
Kg4 54. Rd5 f3+ 55. Rxf3 Kh4 56. Rf4# 1-0

[Event "Challenge"]
[Site "http://www.queenalice.com/game.php?id=365258"]
[Date "2008.3.4"]
[Round "-"]
[White "dani29rock"]
[Black "MJ"]
[Result "1-0"]
[WhiteElo "1699"]
[BlackElo "1211"]

1. d4 Nc6 2. e3 Nf6 3. c4 g5 4. d5 Nb4 5. c5 Nbxd5 6. Bc4 e6 7. Nc3 b6 8. Nxd5
exd5 9. Bxd5 Nxd5 10. Qxd5 Rb8 11. Qe5+ Qe7 12. Qxh8 f5 13. Ne2 Ba6 14. Nd4 Qxc5
15. b3 Qb4+ 16. Bd2 Qa3 17. Nxf5 Kf7 18. Qxh7+ Ke8 19. Rc1 c6 20. Qg6+ Kd8 21.
Qxg5+ Kc7 22. e4 Qxa2 23. Nd4 Qb2 24. Qe3 c5 25. Ne2 c4 26. Bc3 Bc5 27. Nd4 Qa3
28. Qf4+ Kb7 29. O-O Re8 30. bxc4 Bxc4 31. Rfd1 Qa2 32. Nc2 Be7 33. Rxd7+ Ka6
34. Ra1 Kb5 35. Rxa2 Bxa2 36. Qe5+ Ka6 37. Nb4+ Bxb4 38. Qxe8 Bxc3 39. Qa8 Be6
40. Rxa7+ Kb5 41. Qe8+ Kc5 42. Qxe6 b5 43. Qd5+ Kb4 44. Rb7 Ka3 45. Qxb5 Ka2 46.
Ra7+ Ba5 47. Rxa5# 1-0

[Event "Challenge"]
[Site "http://www.queenalice.com/game.php?id=380304"]
[Date "2008.4.1"]
[Round "-"]
[White "gordonpdx"]
[Black "MJ"]
[Result "1-0"]
[WhiteElo "1324"]
[BlackElo "1211"]

1. e4 e5 2. Nf3 Nc6 3. Bb5 Nf6 4. O-O a6 5. Bxc6 bxc6 6. Nxe5 d6 7. Nxc6 Qd7 8.
Nd4 Nxe4 9. f3 Ng5 10. d3 Ne6 11. Re1 h5 12. Qe2 g6 13. Bg5 Bh6 14. Bf6 O-O 15.
Qf2 Re8 16. Nc3 Rb8 17. g3 c5 18. Nxe6 Rxe6 19. Ne4 Rxb2 20. g4 hxg4 21. Bxb2 a5
22. Nf6+ Rxf6 23. Bxf6 Qf5 24. Re8+ Bf8 25. Qh4 Bd7 26. Qh8# 1-0